000 00899nam a2200289 a 4500
001 000024498
005 20260115123814.0
008 850726s1991 sp 000 0 spa d
020 _a8486675588
040 _aDO-SdBNP
_bspa
_cBNPHU
082 _a158
_bD352f, 1991
100 1 _aJosé M. R. Delgado
_d1869-1943.
_950204
245 1 3 _aLa felicidad /
_cJosé M. R. Delgado; ilustración Juan Rubín.
250 _a13a ed.
260 _aMadrid, (España) :
_bEdiciones Temas de Hoy,
_c1991.
300 _a287 p. :
_bil. ;
_c18 cm.
490 1 _aFin de Siglo
_v2
504 _aIncluye referencias bibliográficas : p. 285-287
500 _aIncluye índice de materias
650 0 _aFelicidad
_95856
650 4 _aAlegría
_950205
650 0 _aSalud mental
_9803
650 4 _aPlacer
_912728
700 1 _aReal, Romualdo
_epról.
_950201
830 0 _aFin de Siglo;
_v2
_925148
049 _aBNGR
999 _c23991
_d23991